Ekonomika preduzec'a

Guardado en:
Detalles Bibliográficos
Formato: Seriadas
Lenguaje:serbio
Publicado: Beograd Savez ekonomista Srbije 1990
Materias:
Etiquetas: Agregar Etiqueta
Sin Etiquetas, Sea el primero en etiquetar este registro!

MARC

LEADER 00000nas2a2200000 4500
001 s006450
005 20250701083338.7
022 |a 0353-443X 
041 0 |a srp 
044 |a YU 
245 1 0 |a Ekonomika preduzec'a 
264 1 |a Beograd  |b Savez ekonomista Srbije  |c 1990 
300 |a 2 zv. 
773 0 |w eu_un_cat*s121059 
610 2 0 |a politika hospodárska 
610 2 0 |a ekonómia